Loading...
| Literature - World | 0 | 2 | 0 | 1 | 20 | 61 | 88.00 | 0 | 1 | 4.25 | 8.75 |
| History - European | 0 | 2 | 0 | 1 | 20 | 65 | 90.50 | 0 | 0 | 2.16 | 5.26 |
| Literature - American | 0 | 1 | 0 | 0 | 10 | 114 | 114.00 | 0 | 0 | 0.00 | 2.86 |
| Literature - British | 0 | 1 | 0 | 0 | 10 | 92 | 92.00 | 0 | 0 | 1.95 | 0.83 |
| Science - Chemistry | 0 | 0 | 0 | 0 | 0 | 0.00 | 0 | 0 | 0.00 | 0.00 | |
| Fine Arts - Painting and Sculpture | 0 | 0 | 0 | 0 | 0 | 0.00 | 0 | 0 | 0.00 | 0.00 | |
| History - World | 0 | 0 | 1 | 0 | -5 | 0.00 | 0 | 0 | 0.00 | 0.00 | |
| Geography | 0 | 0 | 1 | 0 | -5 | 0.00 | 0 | 0 | 0.00 | 0.00 | |
| Fine Arts - Classical Music | 0 | 0 | 1 | 0 | -5 | 0.00 | 0 | 0 | 0.00 | 0.00 | |
| Fine Arts - Other | 0 | 0 | 2 | 0 | -10 | 0.00 | 0 | 0 | 0.00 | 0.00 |